|
|
|
|
| LEADER |
00000naa a2200000uu 4500 |
| 001 |
vtls011085816 |
| 003 |
SK-MaSNL |
| 005 |
20260302105250.0 |
| 008 |
210905|2011 xo |||||||||||||||||slo| |
| 015 |
|
|
|a SNBRA
|
| 035 |
|
|
|a (urnnbn)urn:nbn:sk:snk:ar-a0cmb2
|
| 035 |
|
|
|a (uuid)5f8203d1-4f90-4667-9c24-908a2a5b82ef
|
| 035 |
|
|
|a urn:nbn:sk:snk-aavs6k
|
| 040 |
|
|
|a SNKBUCL
|b slo
|c SNKBUCL
|e AACR2
|
| 041 |
0 |
|
|a slo
|
| 044 |
|
|
|a xo
|c SK
|
| 100 |
1 |
|
|a Nosko, Pavol
|4 aut
|9 783699
|
| 245 |
1 |
0 |
|a Modelovanie dynamiky sústav v programe MODES
|c Pavol Nosko, Michal Kolcun
|
| 700 |
1 |
|
|a Kolcun, Michal
|4 aut
|9 414347
|
| 773 |
0 |
|
|t Elektroenergetika 2011
|d Košice : Technical University, 2011
|g S. 316-319
|z 9788055307244
|
| 958 |
|
|
|a OND
|
| 958 |
|
|
|a article12
|
| 958 |
|
|
|a chapter
|
| 999 |
|
|
|c 1237999
|d 1239929
|